书目信息 |
| 题名: |
善待生命
|
|
| 作者: | 亚力山大 著 | |
| 分册: | ||
| 出版信息: | 北京 世界图书出版公司 2000.07 |
|
| 页数: | 347页 | |
| 开本: | 32开 | |
| 丛书名: | ||
| 单 册: | ||
| 中图分类: | R161 | |
| 科图分类: | ||
| 主题词: | 个人卫生 | |
| 电子资源: | ||
| ISBN: | 7-5062-4637-6 | |
| 000 | 00565nam0 2200193 45 | |
| 001 | 0011110801 | |
| 005 | 20001111084754.7 | |
| 010 | @a7-5062-4637-6@d20.00元 | |
| 100 | @a20001111d2000 km y0chiy0120 ea | |
| 101 | 0 | @achi |
| 105 | @a z 000yy | |
| 200 | 1 | @a善待生命@AShan Dai Sheng Ming@f(英)亚力山大著;林秀曼译@F(Ying)Ya Li Shan Da Zhu;Lin Xiu Man Yi |
| 210 | @a北京@c世界图书出版公司@d2000.07 | |
| 215 | @a347页@d32开 | |
| 606 | 0 | @a个人卫生 |
| 690 | @aR161@v3 | |
| 701 | 0 | @a亚力山大@4著 |
| 801 | @aCN@bPftUser@c20001111 | |
| 905 | @b401273-276@dR161@eY761@f4 | |
| 善待生命/(英)亚力山大著;林秀曼译.-北京:世界图书出版公司,2000.07 |
| 347页;32开 |
| ISBN 7-5062-4637-6:20.00元 |
| ● |
| 相关链接 |
|
|
|
正题名:善待生命
索取号:R161/Y761
 
预约/预借
| 序号 | 登录号 | 条形码 | 馆藏地/架位号 | 状态 | 备注 |
| 1 | 401273 | 204012736 | 自科库401/401自科库 5排1列1层/ [索取号:R161/Y761] | 在馆 | |
| 2 | 401274 | 204012745 | 自科库401/401自科库 5排1列1层/ [索取号:R161/Y761] | 在馆 | |
| 3 | 401275 | 204012754 | 自科库401/ [索取号:R161/Y761] | 在馆 | |
| 4 | 401276 | 204012763 | 自科库401/401自科库 5排1列1层/ [索取号:R161/Y761] | 在馆 |